Catálogo
 En Linea

Crisis de la democracia de América en la República dominicana / (Registro nro. 32954)

Detalles MARC
000 -CABECERA
campo de control de longitud fija 01817nam a2200301 i 4500
001 - NÚMERO DE CONTROL
campo de control 000033463
003 - IDENTIFICADOR DEL NÚMERO DE CONTROL
campo de control DO-SdBNP
005 - FECHA Y HORA DE LA ÚLTIMA TRANSACCIÓN
campo de control 20260321073642.0
007 - CAMPO FIJO DE DESCRIPCIÓN FÍSICA--INFORMACIÓN GENERAL
campo de control de longitud fija ta
008 - DATOS DE LONGITUD FIJA--INFORMACIÓN GENERAL
campo de control de longitud fija 110324s1964 mx 001 | spa d
040 ## - FUENTE DE LA CATALOGACIÓN
Centro catalogador/agencia de origen DO-SdBNP
Lengua de catalogación spa
Centro/agencia transcriptor BNPHU
Normas de descripción da
082 #4 - NÚMERO DE LA CLASIFICACIÓN DECIMAL DEWEY
Número de clasificación 320.97293
Número de documento/Ítem B742c
Número de edición 22
100 1# - ENTRADA PRINCIPAL--NOMBRE DE PERSONA
Nombre de persona Bosch, Juan,
Fechas asociadas al nombre 1909-2001
Término indicativo de función/relación autor
Código de función/relación aut.
9 (RLIN) 76555
245 10 - MENCIÓN DE TÍTULO
Título Crisis de la democracia de América en la República dominicana /
Mención de responsabilidad, etc. Juan Bosch.
264 ## - PRODUCCIÓN, PUBLICACIÓN, DISTRIBUCIÓN, FABRICACIÓN Y COPYRIGHT
Producción, publicación, distribución, fabricación y copyright México :
Nombre del de productor, editor, distribuidor, fabricante Centro de Estudios y Documentación Sociales,
Fecha de producción, publicación, distribución, fabricación o copyright @1964.
300 ## - DESCRIPCIÓN FÍSICA
Extensión 226 páginas ;
-- 19 cm.
336 ## - TIPO DE CONTENIDO
Término de tipo de contenido texto
Código de tipo de contenido txt
Fuente rdacontent
337 ## - TIPO DE MEDIO
Nombre/término del tipo de medio sin mediación
Código del tipo de medio n
Fuente rdamedia
338 ## - TIPO DE SOPORTE
Nombre/término del tipo de soporte volumen
Código del tipo de soporte nc
Fuente rdacarrier
490 1# - MENCIÓN DE SERIE
Mención de serie Estudios y documentos
Designación de volumen o secuencia 14
500 ## - NOTA GENERAL
Nota general Incluye índice analítico.
505 0# - NOTA DE CONTENIDO CON FORMATO
Nota de contenido con formato Introducción --
Título A la muerte del tirano --
-- El Partido Revolucionario Dominicano en la hora crítica --
-- La juventud desviada --
-- Los patriotas y sus planes --
-- Los patriotas conquistan el poder --
-- La composición social dominicana --
-- La clase media en el campo político --
-- La lengua nueva --
-- Política y conspiración --
-- Una escuela de política --
-- Golpe primero elecciones después --
-- El papel de la Iglesia en el golpe --
-- Comunismo y democracia --
-- La Alianza para el Progreso --
-- Los hombres de la Alianza --
-- El CIDES, una experiencia importante --
-- Los conflictos con Haití --
-- El papel de la corrupción en el golpe --
-- Trujillo, el jefe militar del golpe --
-- Los sectores sociales en las fuerzas armadas --
-- Juventud y masas populares, reserva del porvenir
-- Índice analítico.
590 ## - NOTA LOCAL (RLIN)
Nota local Inventariado, 2021 / DG
651 #0 - PUNTO DE ACCESO ADICIONAL DE MATERIA--NOMBRE GEOGRÁFICO
Nombre geográfico República Dominicana
Subdivisión general Política y gobierno
9 (RLIN) 45
651 #4 - PUNTO DE ACCESO ADICIONAL DE MATERIA--NOMBRE GEOGRÁFICO
Nombre geográfico República Dominicana
Subdivisión general Historia
Subdivisión cronológica 1961-1965
9 (RLIN) 480
910 ## - DATOS DE OPCIÓN DEL USUARIO (OCLC)
Datos de opción del usuario Validado. Control de calidad BNPHU
942 ## - ELEMENTOS DE PUNTO DE ACCESO ADICIONAL (KOHA)
Fuente del sistema de clasificación o colocación Dewey Decimal Classification
Tipo de ítem Koha Libro
Existencias
Estado de retiro Estado de pérdida Fuente del sistema de clasificación o colocación Restricciones de uso No para préstamo Código de colección Localización permanente Ubicación/localización actual Ubicación en estantería Fecha de adquisición Fuente de adquisición Total de préstamos Signatura topográfica completa Código de barras Fecha visto por última vez Precio válido a partir de Tipo de ítem Koha Nota pública Número de copia
    Dewey Decimal Classification Excluido de préstamo   Patrimonio Dominicano Raros y Valiosos Biblioteca Nacional Pedro Henríquez Ureña Biblioteca Nacional Pedro Henríquez Ureña Depósito 30.08.2011 Donación   BNPHU RV-PD 320.97293 B742c 33463-10 25.06.2020 25.06.2020 Libro Perteneció a la biblioteca personal de Carmen Herrera.  
    Dewey Decimal Classification Excluido de préstamo   Patrimonio Dominicano Raros y Valiosos Biblioteca Nacional Pedro Henríquez Ureña Biblioteca Nacional Pedro Henríquez Ureña Depósito 19.06.2015 Donado por Emilio Cordero Michel   BNPHU RV-PD 320.97293 B742c 33463-20 25.06.2020 25.06.2020 Libro   e. 2
    Dewey Decimal Classification Préstamo en sala   Dominicana Referencia Raros y Valiosos Biblioteca Nacional Pedro Henríquez Ureña Biblioteca Nacional Pedro Henríquez Ureña Depósito 23.07.2021     BNPHU RV-DS 320.97293 B742c 2021-25329 23.07.2021 23.07.2021 Libro   e.3

Con tecnología Koha